|
|
|
|
| LEADER |
00000nam a22000007a 4500 |
| 005 |
20200309231024.0 |
| 007 |
cr|||| |||| |
| 008 |
200309s2009 co |||||s|||| 00||0 spa d |
| 020 |
|
|
|a 978-958-99176-2-6
|
| 035 |
|
|
|a 31190
|
| 040 |
|
|
|a vLex
|
| 090 |
|
|
|c 10212
|d 10212
|
| 245 |
0 |
0 |
|a Informe alternativo sobre tortura, tratos crueles, inhumanos o degradantes Colombia 2003-2009
|h [Recurso electrn̤ico] /
|
| 256 |
|
|
|a Servicio en ln̕ea
|
| 260 |
|
|
|a Bogot:̀
|b Comisin̤ Colombiana de Juristas,
|c 2009
|
| 300 |
|
|
|a 1 recurso electrn̤ico
|
| 506 |
1 |
|
|a Disponible solo en los productos indicados
|d vLex Global
|d vLex Global (Academic Edition, excluding Law Schools)
|d vLex Global (U.S. Academic Edition, Law Schools)
|d vLex Global (U.S. Academic Edition, excluding Law Schools)
|d vLex Global (Academic Edition, Law Schools)
|
| 650 |
0 |
4 |
|a Derecho Internacional
|z Colombia
|
| 740 |
0 |
|
|a vLex Libros (Servicio en ln̕ea)
|
| 856 |
4 |
0 |
|u http://vlex.com/source/informe-alternativo-tortura-tratos-crueles-inhumanos-degradantes-colombia-2003-2009-31190
|z Acceso restringido
|
| 942 |
|
|
|c BOOK
|
| 999 |
0 |
|
|a International right
|